00456nam a2200121Ia 4500008004100000082002500041100002300066245006600089260004100155365000600196630006600202730006600268100415s9999 xx 000 0 und d b18146a719.36(54792) aSingh Jagir (ed.) aRashtriya Udyane va Abhayaranyancha Sadyastithidarshak Ahawal aMAHARASHTRAc1998bFOREST DEPARTMENT b0 aRashtriya Udyane va Abhayaranyancha Sadyastithidarshak Ahawal aRashtriya Udyane va Abhayaranyancha Sadyastithidarshak Ahawal